History by Images - 'H' - Statistics

General Stats
  • This quiz has been taken 95 times
  • The average score is 9 of 16
Answer Stats
Picture Hint Answer % Correct
Injured in jousting Henry VIII
94%
Battle fought in 1066 Hastings
86%
Nguyễn Sinh Cung Ho Chi Minh
86%
Built on the orders of ____ Hadrian
85%
Carthaginian general Hannibal
81%
Built by Emperor Constantius Hagia Sophia
75%
Empire dissolved in 1918 Habsburg
72%
Named after Herbert Hoover
72%
Reichsführer of the SS Heinrich Himmler
65%
52nd president of Venezuela Hugo Chavez
51%
Invasion of Edward III in 1337 started ____ Hundred Years War
37%
This technology was named after ___ Harald Bluetooth
31%
WW2 Japanese Prime Minister Hideki Tojo
26%
A Pharaoh Hatshepsut
20%
Ancient Roman town Herculaneum
20%
Indus valley civilization Harappa
11%
No matching quizzes found
Score Distribution
Percent of People with Each Score
Percentile by Number Answered
Your Score History
You have not taken this quiz